000 00342nam a2200157Ia 4500
003 OSt
005 20231211074305.0
008 170523s9999 xx 000 0 und d
020 _a81-297-0097-2
040 _ciimt
100 _aAWAD- GHOZIRI
245 0 _aKNOWLEDGE MANAGEMENT
260 _bPEARSON EDU
260 _c2004
942 _2ddc
_c02
999 _c1255
_d1255